[Event "ITA-ch sf"]
[Site "Arvier"]
[Date "2002.06.26"]
[Round "5"]
[White "Ricci, Marco"]
[Black "Carcangiu, Vittorio"]
[Result "1-0"]
[WhiteElo "2162"]
[BlackElo "1753"]
[PlyCount "83"]
[EventDate "2002.06.22"]
[EventType "swiss"]
[EventRounds "9"]
[EventCountry "ITA"]
[SourceTitle "CBM 089 Extra"]
[Source "ChessBase"]
[SourceDate "2002.09.10"]
[SourceVersion "2"]
[SourceVersionDate "2002.09.10"]
[SourceQuality "1"]

1. e4 c5 2. Nf3 d6 3. d4 cxd4 4. Qxd4 Nc6 5. Bb5 Bd7 6. Bxc6 Bxc6 7. Nc3 Nf6 8. Bg5 e6 9. 0-0-0 Be7 10. Rhe1 0-0 11. e5 dxe5 12. Qxe5 Qb8 13. Qe2 h6 14. Bd2 Qc7 15. Ne5 Rac8 16. Bf4 Qa5 17. Rd3 Bd5 18. Bd2 Bb4 19. a3 Bxa3 20. Nxd5 Bxb2+ 21. Kxb2 Qb5+ 22. Nb4 a5 23. Rb3 Qc5 24. Bc3 Rfd8 25. Nbd3 Qd5 26. Qf3 a4 27. Qxd5 Nxd5 28. Ra3 b5 29. Ba5 Rd6 30. Re2 Ra6 31. Bb4 f6 32. Nd7 Rc4 33. N7c5 Rc6 34. c3 e5 35. Nb7 Rc7 36. Nd6 Rg4 37. g3 Rd7 38. Re4 Rg6 39. Nxb5 Rb7 40. Nd6 Rb6 41. Nc4 Nxb4 42. Nxb4 1-0

[Event "ITA-ch sf"]
[Site "Arvier"]
[Date "2002.06.25"]
[Round "4"]
[White "Carcangiu, Vittorio"]
[Black "Mussoni, Marcello"]
[Result "0-1"]
[WhiteElo "1753"]
[BlackElo "2250"]
[PlyCount "102"]
[EventDate "2002.06.22"]
[EventType "swiss"]
[EventRounds "9"]
[EventCountry "ITA"]
[SourceTitle "CBM 089 Extra"]
[Source "ChessBase"]
[SourceDate "2002.09.10"]
[SourceVersion "2"]
[SourceVersionDate "2002.09.10"]
[SourceQuality "1"]

1. e4 c5 2. Nf3 Nc6 3. d4 cxd4 4. Nxd4 e6 5. Bc4 Qc7 6. Nc3 a6 7. Bb3 Nf6 8. 0-0 Nxd4 9. Qxd4 Bd6 10. h3 b5 11. a3 Bb7 12. Be3 Bh2+ 13. Kh1 Be5 14. Qd3 Bxc3 15. Qxc3 Qxc3 16. bxc3 Nxe4 17. c4 bxc4 18. Bxc4 0-0 19. Rab1 Bc6 20. Rb6 Rfc8 21. Ra1 a5 22. Ba6 Rcb8 23. Rab1 Rxb6 24. Rxb6 a4 25. Bb7 Bxb7 26. Rxb7 d5 27. Ra7 Rxa7 28. Bxa7 Kf8 29. Kg1 Ke7 30. f3 Nd6 31. Kf2 Kd7 32. Ke2 Kc6 33. Bd4 f6 34. Bb2 e5 35. g4 g5 36. Kd3 Kc5 37. Bc1 h6 38. Be3+ Kc6 39. Bd2 f5 40. Bb4 e4+ 41. Ke2 f4 42. Bc3 Nb5 43. Bg7 Nxa3 44. fxe4 dxe4 45. Bxh6 Nxc2 46. Bxg5 Nd4+ 47. Kd1 a3 48. Kc1 e3 49. Kb1 Ne6 50. Bf6 f3 51. Bh4 f2 0-1